| 000 | 00546nam a2200181Ia 4500 | ||
|---|---|---|---|
| 003 | GCL | ||
| 008 | 140319s9999 xx 000 0 ara d | ||
| 040 |
_aGCL / _cGCL |
||
| 082 | 0 | 4 |
_a811.052 _bع ر |
| 100 | 1 | _aعبدالرحيم منصور | |
| 245 | 1 | 0 |
_aالرقص ع الحصى (اشعار بالعامية المصرية) / _cعبدالرحيم منصور |
| 300 | _a103 ص | ||
| 490 |
_aكتاب _v0 |
||
| 650 | 0 | 4 | _aالشعر |
| 650 | 0 | 4 | _aالشعر الغنائى |
| 650 | 0 | 4 | _aالشعر الشعبى المصرى |
| 942 |
_2ddc _cBK |
||
| 999 |
_c42771 _d42771 |
||